বিশ্বের সেরা খেলা অলিম্পিক / (Record no. 4695)

MARC details
000 -LEADER
fixed length control field 00687nam a22001817a 4500
001 - CONTROL NUMBER
control field BD-DhSAU 4695
003 - CONTROL NUMBER IDENTIFIER
control field BD-DhSAU
005 - DATE AND TIME OF LATEST TRANSACTION
control field 20150225095124.0
008 - FIXED-LENGTH DATA ELEMENTS--GENERAL INFORMATION
fixed length control field 150225b1977 bg a||||r|||| 000 0 ben d
040 ## - CATALOGING SOURCE
Original cataloging agency BD-DhSAU
082 ## - DEWEY DECIMAL CLASSIFICATION NUMBER
Edition number 22
Classification number ৭৯৬.৪৮
Item number আলীবি
100 ## - MAIN ENTRY--PERSONAL NAME
Personal name আলীম, কাজী আবদুল
245 ## - TITLE STATEMENT
Title বিশ্বের সেরা খেলা অলিম্পিক /
Statement of responsibility, etc. কাজী আবদুল আলীম
260 ## - PUBLICATION, DISTRIBUTION, ETC. (IMPRINT)
Place of publication, distribution, etc. ঢাকা :
Name of publisher, distributor, etc. কাজী এহসানুল আলীম,
Date of publication, distribution, etc. ১৯৭৭.
300 ## - PHYSICAL DESCRIPTION
Extent ২৭৯ পৃ. :
Other physical details চিত্র ;
Dimensions ২১ সেমি
590 ## - Name of Cataloguer
Name of Cataloger joy
650 ## - SUBJECT ADDED ENTRY--TOPICAL TERM
Topical term or geographic name as entry element অলিম্পিক
942 ## - ADDED ENTRY ELEMENTS (KOHA)
Source of classification or shelving scheme Dewey Decimal Classification
Koha item type Book
Holdings
Withdrawn status Lost status Source of classification or shelving scheme Damaged status Not for loan Home library Branch Name Shelving location Date acquired Total Checkouts Full call number Barcode Date last seen Price effective from Koha item type
    Dewey Decimal Classification     SAU Library SAU Library Reference 31/05/1983   ৭৯৬.৪৮ আলীবি 8688 25/02/2015 25/02/2015 Book